000 00770nam a2200289Ia 4500
001 7585
003 IT-RoPAU
008 130308s9999 xx 000 0 und d
040 _aIT-RoPAU
040 _cIT-RoPAU
041 _aITALIANO
100 _aGiovannini Giovanni
100 _gCodice Aut. SPICS: 6030
245 _aAlla ricerca di un accordo
245 _bImpero di vetro (L')-La Prima Grande Indagine Sulla Rai-Tv
250 _a1a ed.
260 _aTORINO
260 _bSEI
260 _c1978 [1° Ed.:1978 - Ed.Ling.Originale:1978]
300 _a"5 p. (prefazione: no ; testo: 5 [pagine: 376-380])"
650 _aSAGGI SULLA TELEVISIONE
650 _eCodice materia Spics: 6961
942 _cBK
957 _71
999 _c57532
_d57532
999 _bSI
999 _g1